MARC

LEADER 00000nam0a2200000 4500
001 35525
005 20231101210316.0
035 |a (RuTPU)RU\TPU\book\35959 
035 |a BOOK00002611 
090 |a 35525 
100 |a 20011210d1987 m y0rusy50 ca 
101 0 |a rus 
102 |a RU 
105 |a y j 000zy 
200 1 |a Вспомогательное оборудование тепловых электростанций  |e учебное пособие  |f Л. А. Рихтер, Д. П. Елизаров, В. Н. Лавыгин 
210 |a Москва  |c Энергоатомиздат  |d 1987 
215 |a 215 с. 
606 1 |a Тепловые электрические станции  |x Вспомогательное оборудование  |2 stltpush  |3 (RuTPU)RU\TPU\subj\59611  |9 77121 
610 1 |a тепловые электростанции 
610 1 |a ТЭС 
610 1 |a подогреватели 
610 1 |a деаэраторы 
610 1 |a испарители 
610 1 |a трубопроводы 
610 1 |a насосы 
610 1 |a газовоздушные тракты 
610 1 |a компоновка 
610 1 |a тягодутьевые машины 
610 1 |a золоуловители 
610 1 |a газовоздухопроводы 
610 1 |a конструкции 
610 1 |a учебные пособия 
675 |a 621.311.22.002.5(075.8)  |v 3 
700 1 |a Рихтер  |b Л. А.  |g Лев Александрович 
701 1 |a Елизаров  |b Д. П.  |g Дмитрий Павлович 
701 1 |a Лавыгин  |b В. Н.  |g Вадим Николаевич 
801 0 |a RU  |b 63413507  |c 20011210  |g PSBO 
801 2 |a RU  |b 63413507  |c 20201109  |g PSBO 
900 |a ТЭС и охрана окружающей среды 
900 |a Вспомогательное оборудование ТЭС 
900 |a Основы конструирования и САПР 
900 |a Тепловые и атомные электростанции 
900 |a Нагнетатели и тепловые двигатели 
900 |a Тепломеханическое и вспомогательное оборудование электростанций 
942 |c BK